000 00737nam a22002890a 4500
001 PT40155
003 AR-LpoUNG
005 20250205121050.0
008 191001s2005||||ag |||||||||||||||||spa d
020 _a9879011600
_c$5.50
040 _aAR-LpoUNG
_bspa
_cAR-LpoUNG
_eaacr
041 0 _aspa
044 _aag
082 0 _a808.068 3 489dia
100 1 _aDevetach, Laura
245 1 0 _aDiablos y mariposas
250 _a1ra. ed.
260 _aBuenos Aires :
_bDel Eclipse,
_c2005.
300 _a47 p. :
_bil.
505 0 _aSugerido a partir de 8 aƱos (etiqueta CELESTE)
650 4 _aCUENTOS
650 4 _aLITERATURA
653 0 _aLITERATURA INFANTIL
700 1 _aIstvansch
_eil.
905 _a40155
942 _cLIB
_2ddc
999 _c5689
_d5689